| 000 | 01090nam a2200277 a 4500 | ||
|---|---|---|---|
| 001 | BRCA_7342 | ||
| 005 | 20190320205812.0 | ||
| 008 | 240113s2012----sp-a######---#000-0#spa-# | ||
| 020 | _a9788484802358 (Museo del Prado) | ||
| 020 | _a9788489895287 (Focus-Abengoa) | ||
| 041 | _aspa | ||
| 044 | _asp | ||
| 050 | 4 |
_aND813.M8 _b.M87 2012 |
|
| 245 | 1 | 0 |
_aMurillo & Justino de Neve _bel arte de la amistad _cedición a cargo de Gabriele Finaldi ; textos de Xavier Bray ... [et al.] |
| 260 |
_aMadrid _bMuseo Nacional del Prado ; Fundación Focus-Abengoa ; Dulwich Picture Gallery _c2012 |
||
| 300 |
_a181 p. _bil. (algunas a color) _c29 cm. |
||
| 500 | _aIncluye apéndice documental sobre Justino de Neve e índice onomástico | ||
| 500 | _a2do. ejemplar en el Área de Investigación | ||
| 504 | _aBibliografía: p. 169-177 | ||
| 600 | 1 | 4 |
_aMurillo, Bartolomé Esteban _d1617-1682 _913827 |
| 600 | 1 | 4 |
_aNeve y Yébenes, Justino de _d1625-1685 _918155 |
| 650 | 1 | 4 |
_aPintores españoles _97620 |
| 700 | 1 |
_aFinaldi, Gabriele _eed. _915479 |
|
| 700 | 1 |
_aBray, Xavier _918156 |
|
| 942 |
_2lcc _cB |
||
| 999 |
_c7018 _d7018 |
||